Spring girls /

Sparad:
Bibliografiska uppgifter
Huvudupphov: Todd, Anna (Författare, medförfattare)
Övriga upphov: Tissoni, Adria (Översättare)
Materialtyp: Bok
Språk:italienska
Utgiven: Milano : Sperling & Kupfer, 2019
Serie:Pandora
Taggar: Lägg till en tagg
Inga taggar, Lägg till första taggen!

MARC

LEADER 00000nam a22000007i 4500
001 IT\ICCU\LIA\0977708
003 ItRI
005 20260115232051.0
008 191202s2019 it |||||| |||||1|||||c
020 |a 9788820063726 
040 |b ita  |c importazione bologna sebina 
041 7 |a ita  |2 ISO-639-2 
082 |a 813.6  |9 NARRATIVA AMERICANA IN LINGUA INGLESE, 2000-  |2 23 
100 1 |a Todd, Anna  |0 IT\ICCU\MODV\658505  |4 aut 
240 1 4 |a The Spring girls  |3 IT\ICCU\LIA\0977709  |9 Todd, Anna 
245 1 0 |a Spring girls /  |c Anna Todd ; traduzione di Adria Tissoni. 
260 |a Milano :  |b Sperling & Kupfer,  |c 2019 
300 |a 371 p. ;  |c 23 cm. 
700 1 |a Tissoni, Adria  |0 IT\ICCU\CFIV\115041  |4 trl 
790 1 |a Tissoni, Adria Francesca  |3 IT\ICCU\CFIV\199456  |z Tissoni, Adria 
830 0 |a Pandora  |0 IT\ICCU\CFI\0000150 
942 |2 ddc  |c BK  |n 0 
952 |0 0  |1 0  |4 0  |6 R_813_600000000000000_TOD  |7 0  |9 19478  |a BO  |b BO  |d 2026-01-15  |i 19241  |l 0  |o R 813.6 TOD  |p BO19241  |r 2026-01-15 23:20:51  |w 2026-01-15  |x [Sebina 5] [1 v.]  |y BK  |z 1 v. 
999 |c 16587  |d 16587